Intellectual property : (Record no. 4207)
[ view plain ]
| 000 -LEADER | |
|---|---|
| fixed length control field | 00857cam a22002412 4500 |
| 001 - CONTROL NUMBER | |
| control field | 0000020881 |
| 005 - DATE AND TIME OF LATEST TRANSACTION | |
| control field | 20151217145928.0 |
| 008 - FIXED-LENGTH DATA ELEMENTS--GENERAL INFORMATION | |
| fixed length control field | 111026s xx 000 0 eng d |
| 020 ## - INTERNATIONAL STANDARD BOOK NUMBER | |
| International Standard Book Number | 1847039224 |
| 040 ## - CATALOGING SOURCE | |
| Original cataloging agency | KABU |
| Transcribing agency | KABU |
| 100 1# - MAIN ENTRY--PERSONAL NAME | |
| Personal name | Cornish, William. |
| -- | 0000158679 |
| 245 10 - TITLE STATEMENT | |
| Title | Intellectual property : |
| Remainder of title | patents, copyright, trade marks and allied rights / |
| Statement of responsibility, etc. | by William Cornish and David Llewelyn and Tanya Aplin. |
| 250 ## - EDITION STATEMENT | |
| Edition statement | 7th ed. |
| 260 ## - PUBLICATION, DISTRIBUTION, ETC. (IMPRINT) | |
| Place of publication, distribution, etc. | London : |
| Name of publisher, distributor, etc. | Sweet & Maxwell, |
| Date of publication, distribution, etc. | 2010. |
| 300 ## - PHYSICAL DESCRIPTION | |
| Extent | cviii, 998 p. |
| 650 #0 - SUBJECT ADDED ENTRY--TOPICAL TERM | |
| Topical term or geographic name as entry element | Intellectual property |
| Geographic subdivision | Great Britain. |
| -- | 0000158680 |
| 700 1# - ADDED ENTRY--PERSONAL NAME | |
| Personal name | Llewelyn, David. |
| -- | 0000158681 |
| 700 1# - ADDED ENTRY--PERSONAL NAME | |
| Personal name | Aplin, Tanya. |
| -- | 0000179139 |
| 852 1# - LOCATION | |
| -- | 14628.80 KES |
| 852 1# - LOCATION | |
| -- | 14628.80 KES |
| 908 ## - PUT COMMAND PARAMETER (RLIN) | |
| Put command parameter | 111026 |
| 950 ## - LOCAL HOLDINGS (RLIN) | |
| -- | 1 |
| Withdrawn status | Lost status | Source of classification or shelving scheme | Not for loan | Home library | Current library | Date acquired | Total Checkouts | Full call number | Barcode | Date last seen | Date last checked out | Price effective from | Koha item type | Total Renewals | Cost, normal purchase price |
|---|---|---|---|---|---|---|---|---|---|---|---|---|---|---|---|
| Library of Congress Classification | Kabarak, Main Campus | Kabarak, Main Campus | 17/12/2015 | 1 | KD1269 .C67 2010b c. 1 | 19780 | 21/06/2016 | 08/06/2016 | 17/12/2015 | General Collection | |||||
| Library of Congress Classification | Kabarak, Main Campus | Kabarak, Main Campus | 17/12/2015 | 4 | KD1269 .C67 2010b c. 2 | 19786 | 13/04/2022 | 01/02/2022 | 17/12/2015 | General Collection | |||||
| Library of Congress Classification | Kabarak, Main Campus | Kabarak, Main Campus | 17/12/2015 | 6 | KD1269 .C67 2013 C.1 | 021037 | 27/09/2023 | 11/09/2023 | 17/12/2015 | General Collection | 1 | ||||
| Library of Congress Classification | Kabarak, Main Campus | Kabarak, Main Campus | 17/12/2015 | 10 | KD1269 .C67 2013 C.2 | 021023 | 10/11/2022 | 27/09/2022 | 17/12/2015 | General Collection | |||||
| Library of Congress Classification | Kabarak, Main Campus | Kabarak, Main Campus | 17/12/2015 | 7 | KD1269 .C67 2013 C.4 | 021025 | 27/09/2023 | 11/09/2023 | 17/12/2015 | General Collection | |||||
| Library of Congress Classification | Kabarak, Main Campus | Kabarak, Main Campus | 17/12/2015 | 8 | KD1269 .C67 2013 C.5 | 021038 | 17/04/2023 | 08/04/2023 | 17/12/2015 | General Collection | 1 | ||||
| Library of Congress Classification | Kabarak, Main Campus | Kabarak, Main Campus | 17/12/2015 | 4 | KD1269 .C67 2013 C.6 | 021024 | 24/09/2021 | 14/09/2021 | 17/12/2015 | General Collection | |||||
| Library of Congress Classification | Kabarak, Main Campus | Kabarak, Main Campus | 17/12/2015 | 3 | KD1269 .C67 2013 C.7 | 021022 | 11/11/2024 | 11/10/2024 | 17/12/2015 | General Collection | 2 | ||||
| Library of Congress Classification | Kabarak, Main Campus | Kabarak, Main Campus | 17/12/2015 | 2 | KD1269 .C67 2013 C.8 | 021036 | 30/07/2018 | 21/07/2018 | 17/12/2015 | General Collection | |||||
| Library of Congress Classification | Kabarak, Main Campus | Kabarak, Main Campus | 17/12/2015 | 4 | KD1269 .C67 2013 C.9 | 021035 | 09/10/2024 | 26/09/2024 | 17/12/2015 | General Collection | 1 | ||||
| Library of Congress Classification | Kabarak, Main Campus | Kabarak, Main Campus | 17/12/2015 | 5 | KD1269 .C67 2013 C.3 | 021039 | 03/06/2019 | 14/05/2019 | 17/12/2015 | General Collection | 1 | ||||
| Library of Congress Classification | Kabarak, Main Campus | Kabarak, Main Campus | 17/12/2015 | 1 | KD1269 .C67 2013 C.10 | 021034 | 02/02/2024 | 21/05/2023 | 17/12/2015 | General Collection | 1 | 10695.00 |